000
00305nam a2200121Ia 4500
008
241015s9999 xx 000 0 und d
041
_a
eng
082
_a
658.5 PER
100
_a
Lydia Perry
245
_a
Strategic Supply Chain Management
260
_b
Willford Press
_a
USA
_c
2020
300
_a
189;. P. 27 cm
999
_c
41682
_d
41682